[Event "26th EUR-ch"]
[Site "Katowice POL"]
[Date "2026.04.16"]
[Round "9.93"]
[White "Bakhmatskyi, Vladyslav"]
[Black "Hnydiuk, Aleksander"]
[Result "1/2-1/2"]
[WhiteElo "2442"]
[BlackElo "2314"]
[EventDate "2026.04.07"]
[PlyCount "184"]

1.Nf3 Nf6 2.c4 c5 3.Nc3 d5 4.cxd5 Nxd5 5.d4 Nxc3 6.bxc3 g6 7.e3 Bg7 8.Bb5+
Nd7 9.O-O O-O 10.Re1 Qc7 11.Rb1 b6 12.e4 Bb7 13.Bg5 Nf6 14.Bd3 cxd4 15.
cxd4 Rac8 16.d5 h6 17.Bd2 Nd7 18.g3 Nc5 19.Bf4 Qd7 20.Be5 Bxe5 21.Nxe5 Qc7
22.Nf3 Nxd3 23.Qxd3 Qc3 24.Qe2 Rc7 25.Rb3 Qc5 26.Qd2 Kh7 27.Ne5 Qd6 28.Qb2
Qf6 29.Rf3 Qg7 30.Qd4 Rc5 31.Rd1 Kg8 32.Kg2 Ra5 33.Rc3 Rc8 34.Rxc8+ Bxc8 
35.Nc6 Qxd4 36.Rxd4 Rc5 37.Nxe7+ Kf8 38.Nxc8 Rxc8 39.d6 f6 40.f4 Kf7 41.f5
gxf5 42.exf5 Rc2+ 43.Kh3 Ke8 44.Rh4 Rxa2 45.Rxh6 b5 46.Rxf6 b4 47.Re6+ Kd7
48.Re4 a5 49.f6 Rf2 50.Re5 Rxf6 51.Rxa5 Rh6+ 52.Kg2 Rxd6 53.Kf3 Rd2 54.h4 
Kc6 55.Ke3 Rg2 56.Kf4 Rf2+ 57.Kg5 Rf8 58.h5 b3 59.Ra1 Rg8+ 60.Kf4 Rf8+ 61.
Kg5 Rg8+ 62.Kh4 Kd5 63.g4 b2 64.Rb1 Rb8 65.Kg5 Ke6 66.Kg6 Rg8+ 67.Kh7 Rxg4
68.Rxb2 Kf7 69.Rf2+ Ke7 70.h6 Rg1 71.Rf5 Rg2 72.Ra5 Kf7 73.Ra7+ Kf8 74.Rg7
Rh2 75.Rg4 Kf7 76.Rf4+ Ke7 77.Rf5 Rh1 78.Rf2 Rg1 79.Rf3 Rg2 80.Rf5 Rg1 81.
Kh8 Rg2 82.Ra5 Kf7 83.Ra7+ Kf8 84.Rg7 Rh2 85.Kh7 Rh1 86.Rg5 Kf7 87.Rf5+ 
Ke7 88.Kg6 Rg1+ 89.Rg5 Rxg5+ 90.Kxg5 Kf7 91.Kf5 Kg8 92.Kg6 Kh8 1/2-1/2

[Event "26th EUR-ch"]
[Site "Katowice POL"]
[Date "2026.04.16"]
[Round "9.94"]
[White "Jakubowski, Krzysztof"]
[Black "Lyakh, Vasiliy"]
[Result "1-0"]
[WhiteElo "2434"]
[BlackElo "2314"]
[EventDate "2026.04.07"]
[PlyCount "111"]

1.e4 c5 2.Nf3 d6 3.d4 cxd4 4.Nxd4 Nf6 5.Nc3 Nc6 6.Bc4 e6 7.Be3 Be7 8.Qe2 
a6 9.O-O-O Qc7 10.Rhg1 Na5 11.Bb3 b5 12.f3 Nxb3+ 13.axb3 b4 14.Na4 d5 15.
e5 Nd7 16.f4 Nc5 17.Nxc5 Bxc5 18.g4 Bd7 19.Nf3 a5 20.Kd2 Be7 21.Bd4 O-O 
22.Qe3 f6 23.exf6 Bd6 24.Ne5 Rxf6 25.Rgf1 Rff8 26.Rc1 a4 27.bxa4 Bxa4 28.
b3 Bb5 29.Rf2 Ra2 30.h4 Rc8 31.Kd1 Qe7 32.Rh2 Bc5 33.h5 Bxd4 34.Qxd4 Rf8 
35.Kd2 Qf6 36.Ke3 Qe7 37.g5 Rc8 38.h6 Rc3+ 39.Kd2 Rxb3 40.g6 Rg3 41.gxh7+ 
Kxh7 42.hxg7+ Kg8 43.Rh8+ Kxg7 44.Qf2 Kxh8 45.Qxg3 Qh7 46.Nf7+ Qxf7 47.
Rh1+ Qh7 48.Rxh7+ Kxh7 49.Qh4+ Kg6 50.Qg5+ Kf7 51.f5 Ra7 52.f6 Kf8 53.Qh4 
Kg8 54.Qg3+ Kh7 55.Qh2+ Kg6 56.Qg1+ 1-0

[Event "26th EUR-ch"]
[Site "Katowice POL"]
[Date "2026.04.16"]
[Round "9.95"]
[White "Balaji, Aaravamudhan"]
[Black "Prokofiev, Valentyn"]
[Result "1/2-1/2"]
[WhiteElo "2301"]
[BlackElo "2433"]
[EventDate "2026.04.07"]
[PlyCount "133"]

1.d4 d5 2.c4 e6 3.Nc3 Nf6 4.cxd5 exd5 5.Bg5 Be7 6.e3 h6 7.Bh4 c6 8.Bd3 O-O
9.Nge2 Re8 10.O-O Nbd7 11.Qc2 Nh5 12.Bxe7 Qxe7 13.Rab1 a5 14.Rbe1 Nf8 15.
Nc1 Ne6 16.f3 b6 17.Qf2 Bb7 18.Kh1 Red8 19.N1e2 c5 20.g4 Nf6 21.Nf4 Bc6 
22.Rg1 g5 23.Nfe2 c4 24.Bb1 b5 25.Qg2 Ng7 26.Ng3 b4 27.Nd1 Kf8 28.Rgf1 a4 
29.f4 Nfe8 30.fxg5 Qxg5 31.Nf5 Nxf5 32.Rxf5 Qg7 33.Ref1 Rd7 34.a3 Re7 35.
Qg3 Bd7 36.R5f4 c3 37.bxc3 bxa3 38.Ba2 Bb5 39.R1f2 Rd8 40.Qf3 Nc7 41.Rf6 
Bd3 42.Qg3 Rdd7 43.Rb6 Qh7 44.Qh4 Re6 45.Rb7 Red6 46.Qg3 Ne6 47.Rb8+ Nd8 
48.Qe5 Qe4+ 49.Qxe4 Bxe4+ 50.Kg1 Rg6 51.h3 h5 52.Bb1 Bxb1 53.Rxb1 hxg4 54.
h4 g3 55.Ra2 Nb7 56.Rxa3 Nd6 57.Rxa4 Nf5 58.Ra8+ Ke7 59.Rh8 Rg4 60.Kg2 Ra7
61.Nb2 Rb7 62.Rh5 Nxh4+ 63.Kh3 Rg6 64.Rxh4 g2 65.Rg4 Rxg4 66.Kxg4 Rxb2 67.
Rg1 1/2-1/2

[Event "26th EUR-ch"]
[Site "Katowice POL"]
[Date "2026.04.16"]
[Round "9.96"]
[White "Sanikidze, Tornike"]
[Black "Kejna, Piotr"]
[Result "1-0"]
[WhiteElo "2432"]
[BlackElo "2311"]
[EventDate "2026.04.07"]
[PlyCount "111"]

1.Nf3 Nf6 2.g3 g6 3.b3 Bg7 4.Bb2 d6 5.d4 O-O 6.Bg2 c5 7.c4 Nc6 8.d5 Na5 9.
O-O b5 10.cxb5 Bb7 11.Nh4 a6 12.bxa6 Rxa6 13.e4 Qb6 14.Bc3 e6 15.dxe6 Nxe4
16.exf7+ Rxf7 17.Bxg7 Kxg7 18.Nd2 Nc3 19.Qe1 d5 20.Nc4 dxc4 21.Qxc3+ Qf6 
22.Qxf6+ Kxf6 23.bxc4 Nxc4 24.Rfc1 Bxg2 25.Nxg2 Ra4 26.Nf4 Rfa7 27.Nd5+ 
Ke5 28.Nc3 Rb4 29.Re1+ Kd4 30.Ne2+ Kd5 31.Nc3+ Kd4 32.Ne2+ Kd5 33.Nf4+ Kc6
34.Nd3 Rba4 35.Re6+ Nd6 36.Rc1 c4 37.Rf6 Kd5 38.Nf4+ Kc5 39.Nd3+ Kd5 40.
Nf4+ Kc5 41.Rd1 Ne4 42.Rd5+ Kb4 43.Rb6+ Ka3 44.Ne2 R7a5 45.Rd4 Nc5 46.Nc3 
Rb4 47.Rc6 Kb2 48.Nd5 Rba4 49.Nb6 c3 50.Rxa4 Rxa4 51.Rxc5 Rd4 52.Kg2 g5 
53.Nc4+ Kxa2 54.Ne3 Kb2 55.Rb5+ Kc1 56.Rxg5 1-0

[Event "26th EUR-ch"]
[Site "Katowice POL"]
[Date "2026.04.16"]
[Round "9.97"]
[White "Tulchynskyi, Feliks"]
[Black "Diachek, Andrii"]
[Result "1-0"]
[WhiteElo "2432"]
[BlackElo "2309"]
[EventDate "2026.04.07"]
[PlyCount "69"]

1.e4 e5 2.Nf3 Nc6 3.Bb5 a6 4.Ba4 Nf6 5.O-O Be7 6.Re1 b5 7.Bb3 O-O 8.a4 Bb7
9.d3 d6 10.Bd2 Qd7 11.Na3 Nd8 12.c4 bxc4 13.Nxc4 c5 14.Nb6 Qc7 15.Nxa8 
Bxa8 16.a5 Nc6 17.Bc3 Rb8 18.Bc4 h6 19.Nd2 Bb7 20.Nf1 Bc8 21.Ne3 Bd8 22.
Qd2 Be6 23.Bxa6 Nd4 24.Ra3 d5 25.exd5 Bxd5 26.Nxd5 Nxd5 27.Bxd4 cxd4 28.
Bc4 Nf4 29.Qc2 Qe7 30.Kh1 Kh8 31.a6 Bb6 32.g3 Ng6 33.Bd5 f6 34.Rb3 Nf8 35.
Ra1 1-0

[Event "26th EUR-ch"]
[Site "Katowice POL"]
[Date "2026.04.16"]
[Round "9.98"]
[White "Noy, Eyal"]
[Black "Johansson, Linus"]
[Result "0-1"]
[WhiteElo "2300"]
[BlackElo "2425"]
[EventDate "2026.04.07"]
[PlyCount "114"]

1.d4 Nf6 2.c4 e6 3.Nf3 d5 4.g3 dxc4 5.Bg2 c5 6.O-O Nc6 7.dxc5 Qxd1 8.Rxd1 
Bxc5 9.Nbd2 c3 10.bxc3 O-O 11.Nb3 Be7 12.Nfd4 Nxd4 13.cxd4 Nd5 14.e4 Nc3 
15.Rd3 Ne2+ 16.Kh1 b6 17.Bd2 Ba6 18.Re3 Bc4 19.d5 exd5 20.exd5 Bf6 21.Re1 
Rae8 22.Bf3 Rxe3 23.fxe3 Nc3 24.Bxc3 Bxc3 25.Rc1 Bxb3 26.Rxc3 Bxa2 27.Ra3 
Bc4 28.Rxa7 Rd8 29.e4 f5 30.exf5 Bxd5 31.Kg2 Bxf3+ 32.Kxf3 Rb8 33.Ke4 b5 
34.Kd3 b4 35.Kc2 h5 36.Kb3 Rb5 37.Ra2 Kf7 38.g4 hxg4 39.Rg2 Rxf5 40.Rxg4 
Rh5 41.Kxb4 Rxh2 42.Kc3 Re2 43.Kd3 Re1 44.Rg3 Re5 45.Kd4 Re6 46.Kd3 Re7 
47.Rg2 Kf6 48.Rf2+ Kg5 49.Rg2+ Kf4 50.Rg6 Kf3 51.Kd4 Re4+ 52.Kd5 Rg4 53.
Ra6 g5 54.Ke5 Rb4 55.Ra3+ Kg2 56.Ra2+ Kh3 57.Ra3+ Kh4 0-1

[Event "26th EUR-ch"]
[Site "Katowice POL"]
[Date "2026.04.16"]
[Round "9.99"]
[White "Sliwicka, Alicja"]
[Black "Piliposian, Robert"]
[Result "1/2-1/2"]
[WhiteElo "2293"]
[BlackElo "2420"]
[EventDate "2026.04.07"]
[PlyCount "40"]

1.e4 e5 2.Nf3 Nc6 3.Bc4 Nf6 4.d3 Bc5 5.c3 O-O 6.Bg5 Be7 7.O-O d6 8.a4 a5 
9.Re1 h6 10.Bd2 Be6 11.Na3 Bxc4 12.Nxc4 Re8 13.Qb3 b6 14.Ne3 Bf8 15.Nd5 
Nxd5 16.exd5 Nb8 17.Qb5 Nd7 18.Re2 Nf6 19.Rae1 Qd7 20.Qxd7 Nxd7 1/2-1/2

[Event "26th EUR-ch"]
[Site "Katowice POL"]
[Date "2026.04.16"]
[Round "9.100"]
[White "Schippke, Manon"]
[Black "Narva, Mai"]
[Result "1/2-1/2"]
[WhiteElo "2269"]
[BlackElo "2411"]
[EventDate "2026.04.07"]
[PlyCount "89"]

1.d4 Nf6 2.c4 e6 3.Bg5 h6 4.Bh4 c5 5.d5 d6 6.Nc3 exd5 7.Bxf6 Qxf6 8.Nxd5 
Qd8 9.Qd2 Be6 10.e3 Nd7 11.Ne2 Bxd5 12.Qxd5 Be7 13.Nc3 O-O 14.Be2 Rb8 15.
O-O a6 16.Rfd1 Qa5 17.Qd2 Rfd8 18.a3 Nf6 19.a4 b6 20.Qc2 Bf8 21.h4 Re8 22.
Nb5 Re7 23.Nxd6 Rd7 24.Nf5 g6 25.Rxd7 Nxd7 26.Ng3 h5 27.Rd1 Nf6 28.Bf3 b5 
29.axb5 axb5 30.Bd5 Bg7 31.Ne4 Qb6 32.b3 Nxe4 33.Qxe4 b4 34.g3 Rf8 35.Kg2 
Qf6 36.Rd2 Qc3 37.Ra2 Qxb3 38.Ra7 Qd1 39.Qe7 Kh8 40.Bxf7 Qc2 41.Qg5 Qe4+ 
42.Kg1 Qb1+ 43.Kg2 Qe4+ 44.Kg1 Qb1+ 45.Kg2 1/2-1/2

[Event "26th EUR-ch"]
[Site "Katowice POL"]
[Date "2026.04.16"]
[Round "9.101"]
[White "Kusa, Jakub"]
[Black "Paikens, Reinis"]
[Result "1-0"]
[WhiteElo "2406"]
[BlackElo "2302"]
[EventDate "2026.04.07"]
[PlyCount "73"]

1.d4 Nf6 2.Nf3 e6 3.c4 Bb4+ 4.Bd2 c5 5.Bxb4 cxb4 6.a3 Nc6 7.d5 exd5 8.cxd5
Ne7 9.d6 Nc6 10.axb4 Qb6 11.Nc3 Qxb4 12.Qd2 O-O 13.Ra4 Qb6 14.e3 Nb4 15.
Bc4 Qc5 16.b3 a5 17.O-O b6 18.Qd4 Qxd4 19.Nxd4 Bb7 20.f3 Ba6 21.Bxa6 Nxa6 
22.Rc4 Ne8 23.Ndb5 Nc5 24.Na4 Nxb3 25.Nxb6 Nd2 26.Rc3 Nf6 27.Nxa8 Nxf1 28.
Nb6 Nd2 29.e4 h5 30.Na7 Rb8 31.Nac8 a4 32.e5 Nh7 33.Nxd7 Rb1+ 34.Kf2 Ng5 
35.Ne7+ Kh7 36.Nf8+ Kh6 37.Nf5# 1-0

[Event "26th EUR-ch"]
[Site "Katowice POL"]
[Date "2026.04.16"]
[Round "9.102"]
[White "Agdelen, Huseyin Can"]
[Black "Heimisson, Hilmir Freyr"]
[Result "1-0"]
[WhiteElo "2405"]
[BlackElo "2297"]
[EventDate "2026.04.07"]
[PlyCount "121"]

1.e4 e5 2.Nf3 Nf6 3.Nxe5 d6 4.Nf3 Nxe4 5.d4 d5 6.Bd3 Bf5 7.O-O Be7 8.Re1 
Nc6 9.Nbd2 Nxd2 10.Qxd2 Bxd3 11.Qxd3 O-O 12.Bf4 a6 13.c3 Qd7 14.Re2 Rae8 
15.Rae1 Bd8 16.h4 Rxe2 17.Qxe2 f6 18.Nd2 a5 19.Qb5 Ne5 20.Qxd7 Nxd7 21.Nb3
b6 22.Rc1 Re8 23.Kf1 h6 24.c4 Re4 25.Bg3 dxc4 26.Rxc4 b5 27.Rc1 a4 28.f3 
Re7 29.Na5 Nb6 30.Nc6 Rd7 31.Rc5 Be7 32.Nxe7+ Rxe7 33.Rxb5 Nc4 34.Rb4 Ne3+
35.Kg1 Nd5 36.Rxa4 Re2 37.Ra8+ Kf7 38.Ra7 Rxb2 39.Bxc7 Ke6 40.Bg3 Ne3 41.
Bf2 Rb1+ 42.Kh2 Nf1+ 43.Kh3 Rb2 44.Bg1 g5 45.Ra6+ Kf7 46.Ra7+ Ke6 47.Ra6+ 
Kf7 48.d5 Rd2 49.Ra7+ Kg6 50.h5+ Kf5 51.Re7 Rd3 52.Re4 g4+ 53.Rxg4 Rxd5 
54.Rd4 Re5 55.Rd1 Ne3 56.Re1 Nc4 57.Rxe5+ fxe5 58.Kh4 e4 59.fxe4+ Kxe4 60.
Bc5 Kf5 61.g4+ 1-0

[Event "26th EUR-ch"]
[Site "Katowice POL"]
[Date "2026.04.16"]
[Round "9.103"]
[White "Sibashvili, Giorgi"]
[Black "Niezhentsev, Kyrylo"]
[Result "1-0"]
[WhiteElo "2405"]
[BlackElo "2293"]
[EventDate "2026.04.07"]
[PlyCount "109"]

1.Nf3 Nf6 2.g3 b6 3.Bg2 Bb7 4.d4 g6 5.O-O Bg7 6.c4 O-O 7.b3 d6 8.Bb2 Nbd7 
9.d5 a5 10.Nc3 Nc5 11.Nd4 Qd7 12.a3 e5 13.Nc6 Bxc6 14.dxc6 Qd8 15.b4 Ne6 
16.e3 Ne8 17.Qb3 Qc8 18.Nd5 Kh8 19.Bc3 Nd8 20.bxa5 bxa5 21.Qb5 Qa6 22.Rab1
f5 23.Qxa6 Rxa6 24.Rb8 Ne6 25.e4 Rxc6 26.exf5 gxf5 27.Nf4 Nxf4 28.Bxc6 
Ne2+ 29.Kg2 Nxc3 30.Rxe8 Rxe8 31.Bxe8 Bh6 32.Bd7 f4 33.f3 fxg3 34.hxg3 Be3
35.Bc6 Kg7 36.f4 Bd4 37.Kf3 h6 38.Rh1 Bc5 39.a4 Bd4 40.g4 exf4 41.Kxf4 
Be5+ 42.Kf5 Ne2 43.Ke6 Kg6 44.Kd7 Kg5 45.Kxc7 Ng3 46.Re1 Bf4 47.Kb6 Kxg4 
48.Re6 h5 49.Kxa5 h4 50.Kb6 Nf5 51.Rg6+ Bg5 52.a5 Ne7 53.Bd7+ Kh5 54.Rxg5+
Kxg5 55.a6 1-0

[Event "26th EUR-ch"]
[Site "Katowice POL"]
[Date "2026.04.16"]
[Round "9.104"]
[White "Czernek, Tymon"]
[Black "Bourg, Nicolas"]
[Result "1-0"]
[WhiteElo "2401"]
[BlackElo "2249"]
[EventDate "2026.04.07"]
[PlyCount "65"]

1.Nf3 g6 2.e4 d6 3.d4 c5 4.dxc5 Qa5+ 5.Nc3 Qxc5 6.Nd5 Qa5+ 7.Bd2 Qd8 8.Bc3
Nf6 9.Nxf6+ exf6 10.Qd2 Nc6 11.O-O-O Be6 12.Kb1 Rc8 13.h4 Qb6 14.Nd4 Ne5 
15.Nb5 Bc4 16.Nxd6+ Bxd6 17.Qxd6 Qxd6 18.Rxd6 Ke7 19.Rd1 Bxf1 20.Rhxf1 Rc4
21.f3 Rhc8 22.Rd5 Ke6 23.Rfd1 R8c6 24.a3 Rxc3 25.bxc3 Nc4 26.Rd8 f5 27.
Re8+ Kf6 28.g4 fxe4 29.fxe4 g5 30.e5+ Kg7 31.hxg5 Rb6+ 32.Kc1 h6 33.Rdd8 
1-0

[Event "26th EUR-ch"]
[Site "Katowice POL"]
[Date "2026.04.16"]
[Round "9.105"]
[White "Cukrowski, Filip"]
[Black "Smietanska, Wiktoria"]
[Result "1-0"]
[WhiteElo "2400"]
[BlackElo "2248"]
[EventDate "2026.04.07"]
[PlyCount "120"]

1.d4 d5 2.c4 e6 3.Nf3 Nf6 4.Nc3 dxc4 5.e3 a6 6.a4 c5 7.Bxc4 Nc6 8.O-O Be7 
9.Qe2 cxd4 10.Rd1 e5 11.exd4 exd4 12.Nxd4 Nxd4 13.Qe5 Qd6 14.Qxd4 Qxd4 15.
Rxd4 O-O 16.Bg5 Bf5 17.Re1 Rfe8 18.g4 Bg6 19.h4 h6 20.h5 Bc2 21.Bh4 Rac8 
22.Ba2 Kf8 23.Kg2 Rcd8 24.Rc4 Rc8 25.Rd4 Rcd8 26.Rc4 Rc8 27.Rxc8 Rxc8 28.
Re2 Bd3 29.Re3 Bc4 30.Bxc4 Rxc4 31.f3 Nd5 32.Nxd5 Bxh4 33.Rc3 Rxc3 34.bxc3
g6 35.f4 Ke8 36.Kf3 Bd8 37.Ke3 gxh5 38.gxh5 Kd7 39.Ke4 b5 40.axb5 axb5 41.
Ke5 Ba5 42.Nf6+ Ke7 43.Nd5+ Kd7 44.Kf6 Kd6 45.Nb4 Bb6 46.Kxf7 Be3 47.f5 
Bd2 48.Na2 Ke5 49.Kg6 Be1 50.f6 Bh4 51.f7 Be7 52.Nb4 Bf8 53.Nc6+ Kd5 54.
Na7 b4 55.cxb4 Bxb4 56.Kxh6 Bf8+ 57.Kg6 Ke6 58.Nc6 Kd6 59.h6 Kxc6 60.h7 
Kd5 1-0

[Event "26th EUR-ch"]
[Site "Katowice POL"]
[Date "2026.04.16"]
[Round "9.106"]
[White "Kanov, Nikola"]
[Black "Drazic, Sinisa"]
[Result "1-0"]
[WhiteElo "2398"]
[BlackElo "2239"]
[EventDate "2026.04.07"]
[PlyCount "91"]

1.e4 c5 2.Nf3 d6 3.d4 Nf6 4.Nc3 cxd4 5.Nxd4 Nc6 6.Bg5 Bd7 7.Qd2 Rc8 8.
O-O-O Nxd4 9.Qxd4 Qa5 10.f4 h6 11.Bxf6 gxf6 12.Kb1 Qc5 13.Qd3 f5 14.e5 Bg7
15.Be2 O-O 16.Rhg1 Kh8 17.g4 fxg4 18.Ne4 Qc6 19.Bxg4 Bxg4 20.Rxg4 dxe5 21.
f5 Bf6 22.Rdg1 Rg8 23.a3 Rxg4 24.Rxg4 Rg8 25.Rg3 Rxg3 26.hxg3 Kg7 27.g4 
Bh4 28.c3 a6 29.c4 e6 30.b4 exf5 31.gxf5 h5 32.c5 Qh6 33.Nd6 Qf4 34.Qd5 
Qf1+ 35.Kc2 Qe2+ 36.Kb3 Kf6 37.Qxf7+ Kg5 38.Ka4 Kf4 39.Qf8 e4 40.f6 Qd1+ 
41.Ka5 Qa1 42.f7 Qxa3+ 43.Kb6 Qxb4+ 44.Ka7 Qxc5+ 45.Ka8 Bf2 46.Qb8 1-0

[Event "26th EUR-ch"]
[Site "Katowice POL"]
[Date "2026.04.16"]
[Round "9.107"]
[White "Karpus, Michal"]
[Black "Balacek, Tadeas"]
[Result "1/2-1/2"]
[WhiteElo "2243"]
[BlackElo "2396"]
[EventDate "2026.04.07"]
[PlyCount "25"]

1.e4 e6 2.d4 d5 3.Nd2 c5 4.Ngf3 Nc6 5.exd5 exd5 6.Bb5 Qe7+ 7.Be2 Qc7 8.O-O
Nf6 9.Re1 cxd4 10.Nb3 Bb4 11.Bd2 Bxd2 12.Qxd2 O-O 13.Bd3 1/2-1/2

[Event "26th EUR-ch"]
[Site "Katowice POL"]
[Date "2026.04.16"]
[Round "9.108"]
[White "Meirovich, Ilay"]
[Black "Smolik, Jachym"]
[Result "1/2-1/2"]
[WhiteElo "2190"]
[BlackElo "2395"]
[EventDate "2026.04.07"]
[PlyCount "39"]

1.d4 Nf6 2.c4 e6 3.Nf3 b6 4.a3 Bb7 5.Nc3 d5 6.Bf4 dxc4 7.e3 Nd5 8.Bxc4 
Nxf4 9.exf4 Bd6 10.Ne5 O-O 11.Qg4 Nc6 12.Rd1 Ne7 13.h4 Nf5 14.h5 Qe7 15.
O-O Nh6 16.Qg3 Rad8 17.Rfe1 Nf5 18.Qg4 Nh6 19.Qg3 Nf5 20.Qg4 1/2-1/2

[Event "26th EUR-ch"]
[Site "Katowice POL"]
[Date "2026.04.16"]
[Round "9.109"]
[White "Rzap, Filip"]
[Black "Kiolbasa, Oliwia"]
[Result "1/2-1/2"]
[WhiteElo "2123"]
[BlackElo "2394"]
[EventDate "2026.04.07"]
[PlyCount "120"]

1.d4 Nf6 2.c4 e6 3.Nf3 d5 4.Nc3 a6 5.cxd5 exd5 6.Bg5 Be6 7.e3 Bd6 8.Bd3 
Nbd7 9.O-O c6 10.Qc2 Qc7 11.Bh4 O-O 12.Rab1 Bg4 13.Bg3 Bxf3 14.gxf3 g6 15.
b4 Kg7 16.a4 h5 17.Bxd6 Qxd6 18.Kh1 Ng8 19.Rg1 Ne7 20.Ne2 f5 21.Rg2 Kh7 
22.f4 b6 23.Qc3 a5 24.bxa5 Rxa5 25.Bc2 Rfa8 26.Ng1 b5 27.axb5 cxb5 28.Nf3 
Ra3 29.Qb4 Qxb4 30.Rxb4 R8a5 31.Rg1 Rc3 32.Rb2 Nb6 33.Bb3 Nc6 34.Rgb1 b4 
35.Ne5 Nb8 36.Bd1 Na6 37.Be2 Na4 38.Rb3 Rxb3 39.Rxb3 Nc3 40.Bxa6 Rxa6 41.
Rxb4 Nd1 42.Rb7+ Kg8 43.Kg2 Ra2 44.Nxg6 Nxe3+ 45.Kg3 Nf1+ 46.Kh4 Nxh2 47.
Kxh5 Rxf2 48.Kh6 Ng4+ 49.Kg5 Ra2 50.Kxf5 Ne3+ 51.Kg5 Ra6 52.f5 Nxf5 53.
Rb8+ Kg7 54.Kxf5 Rf6+ 55.Ke5 Rxg6 56.Kxd5 Kf7 57.Kc5 Ke7 58.d5 Kd7 59.Rb7+
Kd8 60.d6 Rg1 1/2-1/2

[Event "26th EUR-ch"]
[Site "Katowice POL"]
[Date "2026.04.16"]
[Round "9.110"]
[White "Borrmann, Laurenz"]
[Black "Mizzi, Jack"]
[Result "1-0"]
[WhiteElo "2391"]
[BlackElo "2192"]
[EventDate "2026.04.07"]
[PlyCount "59"]

1.e4 c6 2.f3 e5 3.d4 exd4 4.Qxd4 d5 5.Nc3 Be6 6.Bf4 Nf6 7.O-O-O Qb6 8.Qxb6
axb6 9.Nge2 Nbd7 10.Nd4 Bb4 11.exd5 Bxd5 12.Ndb5 Bxc3 13.Nc7+ Ke7 14.Nxa8 
Rxa8 15.bxc3 Rxa2 16.Bd3 Be6 17.Rhe1 Kf8 18.Kd2 c5 19.Bd6+ Kg8 20.Ra1 Rxa1
21.Rxa1 g6 22.c4 Kg7 23.Ra7 Ne8 24.Bg3 h5 25.Rxb7 g5 26.Kc3 h4 27.Bb8 Kf6 
28.Be4 h3 29.gxh3 Bxh3 30.Bc6 1-0

[Event "26th EUR-ch"]
[Site "Katowice POL"]
[Date "2026.04.16"]
[Round "9.111"]
[White "Povshednyi, Ivan"]
[Black "Hnatyshyn, Anastasiia"]
[Result "1-0"]
[WhiteElo "2391"]
[BlackElo "2164"]
[EventDate "2026.04.07"]
[PlyCount "213"]

1.d4 d5 2.c4 e6 3.Nf3 Nf6 4.g3 dxc4 5.Bg2 a6 6.O-O Nc6 7.Be3 Rb8 8.Qc1 Nd5
9.Bg5 Be7 10.Bxe7 Qxe7 11.Qxc4 O-O 12.e4 Nb6 13.Qc3 Rd8 14.Nbd2 Bd7 15.a3 
Be8 16.Nb3 Na4 17.Qc2 b5 18.Rfe1 Na7 19.Nbd2 b4 20.axb4 Qxb4 21.b3 Nc3 22.
Re3 Nab5 23.Rc1 a5 24.Rxc3 Nxc3 25.Qxc3 Qxc3 26.Rxc3 Rb7 27.h4 Kf8 28.g4 
Ra7 29.Kh2 f6 30.Kg3 Rb8 31.Kf4 Rb4 32.Ke3 a4 33.bxa4 Rbxa4 34.Bf1 Ra3 35.
Rxa3 Rxa3+ 36.Kf4 h6 37.h5 Rc3 38.Bc4 Ke7 39.e5 Bc6 40.Nh4 Rc2 41.Ng6+ Kf7
42.Ke3 Rc3+ 43.Ke2 Bb7 44.f4 Bd5 45.Bxd5 exd5 46.Nf1 c5 47.dxc5 d4 48.Nd2 
Rxc5 49.Kd3 fxe5 50.Ne4 Rc1 51.Nxe5+ Ke6 52.Kxd4 Rd1+ 53.Ke3 Re1+ 54.Kf3 
Ra1 55.Ke3 Rd1 56.Ng3 Ra1 57.Nf5 Kf6 58.Nd7+ Kf7 59.Ke4 Re1+ 60.Ne3 Ke6 
61.Nc5+ Kf7 62.Nd3 Re2 63.Kd4 Rd2 64.Nc4 Re2 65.Nde5+ Ke7 66.Ne3 Rd2+ 67.
Ke4 Re2 68.Nc6+ Kf7 69.Nd4 Re1 70.Nc2 Rb1 71.Nc4 Kf6 72.N2e3 Re1 73.Nb6 
Kf7 74.Nd5 Ke6 75.Nc7+ Kf7 76.Nb5 Kf6 77.Nc3 Kf7 78.Nd1 Re2 79.Ke5 Re1 80.
Kf5 Re2 81.Nc4 Re6 82.Ne5+ Ke7 83.Ne3 Rf6+ 84.Ke4 Ra6 85.Nd5+ Kf8 86.Nc7 
Rd6 87.Nb5 Ra6 88.Nc3 Rd6 89.Nd5 Ra6 90.Ng6+ Kf7 91.Kf5 Rd6 92.Nge7 Ra6 
93.g5 Ra1 94.g6+ Kf8 95.Nc6 Ra6 96.Nd4 Ra5 97.Ke5 Kg8 98.Ne6 Ra6 99.Ne7+ 
Kh8 100.Nf5 Ra5+ 101.Ke4 Ra4+ 102.Kf3 Ra3+ 103.Kg4 Ra1 104.Nfxg7 Rg1+ 105.
Kf5 Rh1 106.Ne8 Rxh5+ 107.Ke4 1-0

[Event "26th EUR-ch"]
[Site "Katowice POL"]
[Date "2026.04.16"]
[Round "9.112"]
[White "Musial, Igor"]
[Black "Demchenko, Anton"]
[Result "0-1"]
[WhiteElo "2270"]
[BlackElo "2636"]
[EventDate "2026.04.07"]
[PlyCount "68"]

1.e4 c5 2.Nf3 Nc6 3.d4 cxd4 4.Nxd4 e5 5.Nb5 d6 6.N1c3 a6 7.Na3 Be6 8.Nc4 
Rb8 9.Be2 Nf6 10.Bg5 Nd4 11.Ne3 Be7 12.Bxf6 Bxf6 13.Ncd5 Bg5 14.c3 Nxe2 
15.Qxe2 O-O 16.O-O g6 17.Rad1 Kh8 18.Kh1 Bh6 19.a3 b5 20.c4 Qd7 21.cxb5 
axb5 22.Qd3 f5 23.f3 Qb7 24.h3 Qa7 25.Rfe1 Qd7 26.exf5 gxf5 27.Nc3 Rbd8 
28.Qxb5 Qg7 29.Qc6 Rg8 30.f4 Bxf4 31.Qf3 Bxe3 32.Rxe3 d5 33.Qf2 d4 34.Red3
e4 0-1

[Event "26th EUR-ch"]
[Site "Katowice POL"]
[Date "2026.04.16"]
[Round "9.113"]
[White "Lopez Martinez, Josep Manuel"]
[Black "Yasmo, Daniil"]
[Result "1-0"]
[WhiteElo "2510"]
[BlackElo "2272"]
[EventDate "2026.04.07"]
[PlyCount "105"]

1.Nf3 d5 2.g3 Bg4 3.Bg2 c6 4.h3 Bxf3 5.Bxf3 e5 6.d3 Nf6 7.O-O a5 8.a4 Bc5 
9.Nd2 O-O 10.e4 h6 11.Kg2 Re8 12.h4 Qd7 13.Qe2 Na6 14.Nb3 Bb6 15.Bd2 Nc5 
16.Nxc5 Bxc5 17.Rfd1 Qc7 18.c3 Qb6 19.Be1 Qb3 20.Rdc1 dxe4 21.dxe4 Red8 
22.Qc2 Qxc2 23.Rxc2 Rd7 24.b4 axb4 25.cxb4 Bb6 26.a5 Rd4 27.Raa2 Bc7 28.b5
Bd6 29.bxc6 bxc6 30.Rxc6 Bb4 31.Bxb4 Rxb4 32.a6 Ra7 33.Ra5 Nd7 34.Rd6 Rb8 
35.Be2 Rba8 36.Bc4 Kf8 37.Bd5 Ke7 38.Rxd7+ Kxd7 39.Bxa8 Rxa8 40.Kf3 g6 41.
Kg4 Ra7 42.h5 Ke6 43.Kh4 Kf6 44.g4 g5+ 45.Kg3 Ke6 46.Kf3 Kd6 47.Ke3 Kc6 
48.Rxe5 Rxa6 49.Rf5 Ra3+ 50.Kd4 Ra4+ 51.Ke5 Ra7 52.Rf6+ Kc5 53.Rxh6 1-0

[Event "26th EUR-ch"]
[Site "Katowice POL"]
[Date "2026.04.16"]
[Round "9.114"]
[White "Tutisani, Noe"]
[Black "Karvatskyi, Oleksii"]
[Result "1-0"]
[WhiteElo "2454"]
[BlackElo "2269"]
[EventDate "2026.04.07"]
[PlyCount "141"]

1.e4 c5 2.Nf3 Nc6 3.Bb5 e6 4.Bxc6 bxc6 5.d3 Qc7 6.Qe2 e5 7.b3 d6 8.Bb2 Ne7
9.Nfd2 Ng6 10.g3 Bh3 11.Rg1 Qd7 12.Nc4 Be7 13.Nbd2 f5 14.O-O-O O-O 15.Rde1
f4 16.g4 f3 17.Nxf3 Bxg4 18.Nfxe5 Bxe2 19.Nxd7 Rxf2 20.e5 d5 21.Nd6 Bh4 
22.Nf5 Rxf5 23.Rxe2 Re8 24.Kb1 Rf7 25.Nxc5 Bf2 26.e6 Rf4 27.Rxf2 Rxf2 28.
h4 Ref8 29.Bc1 Rf1 30.Rg4 R8f4 31.Rg3 Rxh4 32.Kb2 Rhh1 33.Be3 Rh2 34.Nb7 
Re2 35.Nd8 Ne7 36.Bxa7 h5 37.Rh3 g6 38.a4 Rf8 39.Bb6 Nc8 40.Bc7 Rff2 41.d4
Rxc2+ 42.Ka3 Ne7 43.a5 Nf5 44.Bb6 h4 45.Kb4 Ra2 46.Nxc6 g5 47.Ne5 Rf4 48.
Kb5 g4 49.Rxh4 Nxh4 50.e7 Rf8 51.exf8=Q+ Kxf8 52.Nxg4 Nf5 53.Bc5+ Ke8 54.
Nf6+ Kd8 55.Nxd5 Kd7 56.a6 Kc8 57.Kb6 Ng7 58.Nc7 Nh5 59.a7 Rxa7 60.Kxa7 
Kxc7 61.b4 Kc6 62.Ka6 Ng7 63.b5+ Kd7 64.d5 Ne8 65.b6 Nf6 66.b7 Kc7 67.Bb6+
Kd7 68.b8=Q Nxd5 69.Qd8+ Ke6 70.Bc5 Nf6 71.Kb5 1-0

[Event "26th EUR-ch"]
[Site "Katowice POL"]
[Date "2026.04.16"]
[Round "9.115"]
[White "Ljepic, Andrej"]
[Black "Boci, Mateu"]
[Result "0-1"]
[WhiteElo "2446"]
[BlackElo "2256"]
[EventDate "2026.04.07"]
[PlyCount "166"]

1.e4 c5 2.Nf3 Nc6 3.Bc4 Nf6 4.e5 Ng4 5.Qe2 f6 6.exf6 Nxf6 7.c3 e6 8.d4 d5 
9.Bb3 cxd4 10.cxd4 Bd6 11.O-O O-O 12.Nc3 a6 13.Bg5 Bd7 14.Rad1 Qc7 15.Rfe1
Rae8 16.Ne5 b5 17.Bxf6 Rxf6 18.g3 Ref8 19.f4 Qa7 20.Nxc6 Bxc6 21.Qe3 Qf7 
22.Rc1 Bd7 23.Bc2 Qh5 24.Qe2 Qh6 25.Qg4 Bxf4 26.gxf4 Rxf4 27.Qg3 e5 28.Kh1
Bg4 29.Bd1 Rf1+ 30.Rxf1 Rxf1+ 31.Kg2 Bh3+ 32.Qxh3 Rf2+ 33.Kxf2 Qxh3 34.
Nxd5 Qxh2+ 35.Ke1 Qh4+ 36.Kd2 Qf2+ 37.Kd3 Qxd4+ 38.Ke2 Qg4+ 39.Kd3 Qh3+ 
40.Ne3 Qd7+ 41.Ke2 g6 42.Bb3+ Kg7 43.Bd5 Qe7 44.Rc6 a5 45.Rb6 Qb4 46.b3 
Qd4 47.Rxb5 e4 48.Bc4 Qb2+ 49.Kf1 h5 50.Rxa5 Qd2 51.Ra7+ Kh6 52.Ng2 h4 53.
Nxh4 Qd1+ 54.Kg2 Qg4+ 55.Kf1 Qxh4 56.Rf7 Qh2 57.Rf2 Qe5 58.a4 g5 59.Ra2 
Qf4+ 60.Kg1 Qc1+ 61.Kg2 Qe3 62.a5 Qf3+ 63.Kg1 Qg3+ 64.Kf1 Qf3+ 65.Kg1 g4 
66.a6 Qe3+ 67.Kg2 Qh3+ 68.Kg1 g3 69.Rg2 Qg4 70.Ra2 Qd1+ 71.Kg2 Qf3+ 72.Kg1
Qe3+ 73.Kg2 Qa7 74.Kxg3 Kg5 75.Rf2 e3 76.Ra2 Qb8+ 77.Kg2 Qa8+ 78.Kg3 Qb8+ 
79.Kg2 Kf4 80.a7 Qa8+ 81.Kg1 Kg3 82.Bf1 e2 83.Bxe2 Qg2# 0-1

[Event "26th EUR-ch"]
[Site "Katowice POL"]
[Date "2026.04.16"]
[Round "9.116"]
[White "Akhvlediani, Irakli"]
[Black "Celik, Ali Alper"]
[Result "1-0"]
[WhiteElo "2429"]
[BlackElo "2256"]
[EventDate "2026.04.07"]
[PlyCount "106"]

1.e4 e6 2.d4 d5 3.Nc3 Bb4 4.Ne2 dxe4 5.a3 Bxc3+ 6.Nxc3 f5 7.Qh5+ g6 8.Qh3 
e5 9.dxe5 Nc6 10.Bf4 Be6 11.Rd1 Qe7 12.Qe3 Qf7 13.Qc5 Rd8 14.Rxd8+ Kxd8 
15.Nb5 a6 16.Nd4 Nxd4 17.Qxd4+ Qd7 18.Qb4 Kc8 19.Bg5 Qe8 20.Qc5 h6 21.Be3 
Ne7 22.Qa7 Nc6 23.Qa8+ Kd7 24.Qxb7 Qb8 25.Bxa6 Qxb7 26.Bxb7 Na5 27.Ba6 Nc4
28.Bxc4 Bxc4 29.h4 Ke6 30.Bf4 c5 31.Rh3 Bd5 32.Rc3 c4 33.b3 cxb3 34.cxb3 
g5 35.hxg5 hxg5 36.Bxg5 Rh1+ 37.Ke2 Rb1 38.b4 Kxe5 39.g3 Rb3 40.Kd2 Rb2+ 
41.Ke3 Bf7 42.Bf4+ Kd5 43.Bc7 Bh5 44.Bb6 Be8 45.Kf4 Bd7 46.Be3 Ra2 47.Rc5+
Kd6 48.Ra5 Rb2 49.Ra6+ Kd5 50.Bc5 Bc8 51.Rd6+ Kc4 52.Rc6 Bd7 53.Rc7 Kd5 
1-0